| 000 | 00724nam a22002297b 4500 | ||
|---|---|---|---|
| 003 | 3228 | ||
| 005 | 20251127123145.0 | ||
| 008 | 251127b sa ||||| |||| 00| 1 AFR d | ||
| 020 | _a0624011410 (hardback) | ||
| 040 |
_aMPL _beng _c3228 _erda |
||
| 041 | _aAfrikaans | ||
| 082 | 0 | _aAF VANT | |
| 100 |
_9123350 _a Van Tonder, Morkel _eauthor |
||
| 245 |
_aHalfkrone op die oë : _b'n Verhaal oor die Groot Griep van 1918 / _cMorkel van Tonder |
||
| 250 | _aEerste uitgawe | ||
| 260 |
_aKaapstad : _bTafelberg , _c©1978, _c1978. |
||
| 300 |
_a153 pages : _bjacket ; _c21 cm |
||
| 655 | 0 |
_9189056 _aAfrikaans Fiction |
|
| 655 | 0 |
_9188670 _aHuman Relations Fiction |
|
| 655 | 0 |
_9116610 _aHistorical fiction |
|
| 942 |
_2ddc _cBK _w296 _xPhillipina Naude _y296 _zPhillipina Naude |
||
| 999 |
_c789989 _d789988 |
||